000 00777nac a22002171u 4500
008 100906t xxu||||| |||| 00| 0 eng d
010 _a2003042225
020 _a0735619344
020 _a8120324242
020 _a9788120324244
082 0 0 _a005.276
_bDUT
_222
100 _aDuthie, G. Andrew,
_918292
245 1 0 _aMicrosoft ASP.NET programming with Microsoft Visual Basic .NET step by step :
_bversion 2003 /
_cG. Andrew Duthie.
246 1 8 _aMicrosoft ASP.NET programming with Visual Basic .NET step by step
260 _aNew Delhi :
_bPrentice Hall of India,
_cc2003.
300 _axvii, 600 p. :
_bill. ;
_c23 cm.
490 1 _aStep by step
_918293
650 0 _aInternet programming.
_918294
650 0 _aMicrosoft .NET.
_918295
942 _cBB
_k005.276 DUT
_2ddc
999 _c651
_d651